000 00980nam a2200265Ia 4500
003 OSt
005 20220923211955.0
006 a|||||r|||| 00| 0
007 ta
008 220922b |||||||| |||| 00| 0 san d
024 _a76,474
037 _cTextual
040 _aARTS
_cARTS
_bsan
041 _2san
_asan
082 _aR66,5x1,1, 15L6.1
100 _aमिश्र, कामेश्रनाथ, व्याख्
_9158326
245 0 _aब्रह्यसूत्र शांकर भाष्यम्
246 _aBrahyasūtra shāankar bhāṣhyam
260 _aवाराणसी
_b चौखम्बा संस्कृत सीरीज
_c1976
300 _a166पृ.
_ccm.
650 _a भारतीय दर्शन
650 _aभारतीय दर्शन
942 _hR66,5x1,1, 15L6.1
_cTEXL
_2CC
999 _c305088
_d305088